Chansons de Jacques Dutronc - Statistiques

Statistiques générales
  • Ce quiz a été pris 15 fois
  • Le résultat moyen est 18 sur 145
Statistiques - réponses
Album Titre % Correct
L'Opportuniste 6 L'Opportuniste
100%
Dutronc & Dutronc 1 L'Opportuniste
100%
Jacques Dutronc (1966) 5 Les Cactus
87%
Dutronc & Dutronc 12 Les Cactus
87%
Il est cinq heures 7 Il est cinq heures, Paris s'éveille
80%
Dutronc & Dutronc 11 Il est cinq heures, Paris s'éveille
80%
Il est cinq heures 2 Fais pas ci, fais pas ça
67%
Jacques Dutronc (1975) 7 Gentleman cambrioleur
67%
Dutronc & Dutronc 3 Gentleman cambrioleur
67%
L'Aventurier 8 L'Aventurier
67%
Jacques Dutronc (1966) 6 Et moi, et moi, et moi
60%
Dutronc & Dutronc 9 Et moi, et moi, et moi
60%
Jacques Dutronc (1972) 1 Le petit jardin
60%
Jacques Dutronc (1966) 1 Les Play-Boys
60%
Jacques Dutronc (1966) 8 On nous cache tout, on nous dit rien
53%
Dutronc & Dutronc 2 J'aime les filles
47%
Jacques Dutronc (1966) 12 Mini-mini-mini
47%
Jacques Dutronc (1966) 9 La fille du Père Noël
40%
Jacques Dutronc (1971) 1 L'Arsène
33%
L'Aventurier 12 L'Hotesse de l'air
33%
Madame l'existence 1 Madame l'existence
33%
C'est pas du bronze 1 C'est pas du bronze
27%
L'Aventurier 1 Le Responsable
27%
Dutronc & Dutronc 4 Le Responsable
27%
Brèves Rencontres 8 Brèves Rencontres
20%
Jacques Dutronc (1966) 11 La compapade
20%
Jacques Dutronc (1966) 2 L'espace d'une fille
20%
L'Aventurier 2 L'Idole
20%
CQFD…utronc 8 Opium
20%
CQFD…utronc 4 Corsica
13%
Il est cinq heures 6 Hippie hippie hourrah
13%
Jacques Dutronc (1966) 4 J'ai mis un tigre dans ma guitare
13%
Il est cinq heures 3 La Métaphore
13%
Il est cinq heures 4 La Publicité
13%
Jacques Dutronc (1971) 8 Le fond de l'air est frais
13%
Il est cinq heures 12 Le Plus difficile
13%
Guerre et Pets 3 Le Temps de l'amour
13%
Jacques Dutronc (1971) 9 À la queue les Yvelines
7%
Brèves Rencontres 2 À part ça
7%
Dutronc & Dutronc 7 Aragon
7%
L'Opportuniste 1 À tout berzingue
7%
Il est cinq heures 1 Comment elles dorment
7%
Dutronc & Dutronc 5 Demain
7%
Guerre et Pets 5 J'ai déjà donné
7%
Jacques Dutronc (1975) 6 J'comprend pas
7%
Dutronc & Dutronc 6 Je n'suis personne (éternel jusqu'à demain)
7%
L'Opportuniste 9 Je suis content
7%
L'Aventurier 9 Laquelle des deux est la plus snob
7%
L'Opportuniste 2 La Seine
7%
Jacques Dutronc (1975) 11 Le Bras mécanique
7%
Il est cinq heures 11 Le Courrier du cœur
7%
L'Opportuniste 12 Le Mythofemme
7%
L'Opportuniste 7 Le Roi de la fête
7%
CQFD…utronc 1 Les Gars de la narine
7%
Jacques Dutronc (1966) 10 Les gens sont fous, les temps sont flous
7%
Il est cinq heures 8 Les Métamorphoses
7%
Il est cinq heures 10 Les Rois de la réforme
7%
Jacques Dutronc (1975) 10 Les Roses fanées
7%
Jacques Dutronc (1975) 2 Le Testamour
7%
L'Aventurier 7 Où est-il l'ami pierrot
7%
L'Aventurier 5 Quand c'est usé on le jette
7%
CQFD…utronc 5 Qui se soucie de nous
7%
C'est pas du bronze 3 Savez-vous planquer vos sous
7%
Jacques Dutronc (1966) 3 Sur une nappe de restaurant
7%
Dutronc & Dutronc 10 Sur une nappe de restaurant
7%
Jacques Dutronc (1972) 11 Tic tic
7%
C'est pas du bronze 2 Tous les goûts sont dans ma nature
7%
Brèves Rencontres 4 Tous les goûts sont dans ma nature
7%
Jacques Dutronc (1972) 10 Adieu ma vie
0%
Dutronc & Dutronc 13 À la vie, à la mort
0%
L'Opportuniste 8 Amour, toujours, tendresse, caresse
0%
CQFD…utronc 3 À nous deux (CQFD)
0%
Guerre et Pets 2 Ballade comestible
0%
CQFD…utronc 6 Beau Blaireau
0%
C'est pas du bronze 9 Berceuse
0%
Il est cinq heures 9 Ça prend, ça n'prend pas
0%
Madame l'existence 9 C’est peut-être ça
0%
Madame l'existence 11 Dou douce
0%
Jacques Dutronc (1972) 6 Elle est si...
0%
Jacques Dutronc (1971) 10 Elle m'a dit non, elle m'a dit oui
0%
Brèves Rencontres 7 Elle m'a rien dit m'a tout dit
0%
Brèves Rencontres 5 Entrez m'sieur dans l'humanité
0%
CQFD…utronc 2 Europe n'roll
0%
Madame l'existence 4 Face à la merde
0%
Brèves Rencontres 3 Faut qu'j'rôde
0%
Jacques Dutronc (1971) 4 Il suffit de leur demander
0%
Jacques Dutronc (1971) 12 J'avais la cervelle qui faisait des vagues
0%
Dutronc & Dutronc 8 J'me fous de tout
0%
Jacques Dutronc (1972) 5 Ksst ksst
0%
Jacques Dutronc (1975) 3 La France défigurée
0%
Jacques Dutronc (1972) 7 L'Âge d'or
0%
Brèves Rencontres 9 Laisse Lucie faire
0%
L'Opportuniste 10 La Leçon de gymnastique du professeur Dutronc
0%
L'Aventurier 4 La Maison des rêves
0%
Brèves Rencontres 1 L'Âme sœur
0%
Jacques Dutronc (1975) 4 L'amour à la chaîne
0%
L'Aventurier 3 L'Amour est le moteur du monde
0%
Jacques Dutronc (1975) 8 L'Amour prison
0%
Jacques Dutronc (1971) 11 L'Âne est au four et le bœuf est cuit
0%
L'Aventurier 11 La Paresse
0%
Brèves Rencontres 6 La Pianiste dans une boîte à Gand
0%
L'Opportuniste 11 La Solitude
0%
Il est cinq heures 5 L'Augmentation
0%
C'est pas du bronze 5 L'Autruche
0%
Guerre et Pets 9 L'Avant-guerre, c'est maintenant
0%
Guerre et Pets 6 La Vie dans ton rétroviseur
0%
Madame l'existence 2 La Vie en live
0%
C'est pas du bronze 6 Le Cœur lourd dans mon poids lourd
0%
Jacques Dutronc (1972) 9 Le Combat
0%
Jacques Dutronc (1971) 5 Le Conte de fées
0%
C'est pas du bronze 4 L'Écorchée vive
0%
Jacques Dutronc (1975) 5 Le Dilemme
0%
Jacques Dutronc (1972) 3 L'Éléphant aveugle
0%
Jacques Dutronc (1971) 7 Le Monde à l'envers
0%
Madame l'existence 7 L’Ère de rien
0%
L'Aventurier 10 Les Femmes des autres
0%
Jacques Dutronc (1971) 6 Les Parasites
0%
L'Aventurier 6 Les Petites annonces
0%
L'Opportuniste 3 Les Vangauguins
0%
Guerre et Pets 4 L'Éthylique
0%
Jacques Dutronc (1972) 8 L'Homme de paille
0%
Madame l'existence 5 L’Homme et l’Enfant
0%
Guerre et Pets 1 L'Hymne à l'amour (moi l'nœud)
0%
Jacques Dutronc (1975) 1 L'Île enchanteresse
0%
Jacques Dutronc (1966) 7 L'opération
0%
Jacques Dutronc (1975) 9 Mais surtout sentimentale
0%
Guerre et Pets 7 Manque de tout
0%
Jacques Dutronc (1971) 3 Ma poule n'a plus que 29 poulets
0%
Guerre et Pets 8 Mes idées sales
0%
Jacques Dutronc (1972) 4 Ne pas t'oublier
0%
L'Opportuniste 5 Proverbes
0%
Brèves Rencontres 10 Rappelez-moi de vous oublier
0%
C'est pas du bronze 8 Remue-ménages
0%
Jacques Dutronc (1971) 2 Restons français, soyons gaulois
0%
CQFD…utronc 9 Sainte-Suzanne
0%
Madame l'existence 10 Sainte Suzanne
0%
CQFD…utronc 7 Strip-tease
0%
Brèves Rencontres 11 Thomas
0%
Madame l'existence 8 Transat en solitaire
0%
L'Opportuniste 4 Transes-dimanche
0%
C'est pas du bronze 10 Transit aigu
0%
Madame l'existence 3 Un jour tu verras
0%
C'est pas du bronze 7 Vidéo gratias
0%
Jacques Dutronc (1972) 2 Vie privée, domaine public
0%
Madame l'existence 6 Voulez vous
0%
Aucun quiz correspondant
Distribution des résultats
% des personnes avec chaque résultat
Percentile par nombre de réponses
Votre historique - résultats
Vous n’avez pas pris ce quiz